Statistiken für Spieler, die Brendan Dolan bei der Darts WM besiegten

Klicken Sie hier um das Quiz zu spielen!

Allgemein

  • Dieses Quiz wurde 18 mal gespielt
  • Das Durchschnittsergebnis liegt bei 11 aus 16

Antwortstatistiken

JahrRundeNationalitätSpieler% Korrekt
20102. RundeNiederlandeRaymond van Barneveld
100%
20132. RundeNiederlandeRaymond van Barneveld
100%
20142. RundeSchottlandGary Anderson
92%
20202. RundeSchottlandGary Anderson
92%
20213. RundeWalesGerwyn Price
92%
20161. RundeAustralienKyle Anderson
92%
2024ViertelfinaleEnglandLuke Littler
92%
20233. RundeWalesJonny Clayton
85%
20121. RundeBelgienKim Huybrechts
85%
20091. RundeEnglandJames Wade
62%
20152. RundeEnglandMichael Smith
54%
2019ViertelfinaleEnglandNathan Aspinall
54%
20181. RundeSchottlandRobert Thornton
54%
20172. RundeNiederlandeJelle Klaasen
46%
20222. RundeEnglandCallan Rydz
15%
20112. RundeEnglandWes Newton
8%

Verteilung der Resultate

Perzentil nach korrekt beantworteten Fragen

Anzahl Personen mit jedem Resultat

Ihre Resultats-Entwicklung

Sie haben dieses Quiz noch nicht gespielt